Les séances de tirs au but jouées par l'Équipe de France de football - Statistiques

Statistiques générales
  • Ce quiz a été pris 33 579 fois
    10 287 depuis la dernière actualisation
  • Le résultat moyen est 6 sur 10
Statistiques - réponses
Compétition Édition Stade Score Adversaire % Correct
Coupe du Monde 2022 Finale 2 - 4 Argentine
93%
Coupe du Monde 2006 Finale 3 - 5 Italie
88%
Championnat d'Europe 2020 1/8 4 - 5 Suisse
80%
Championnat d'Europe 2024 1/4 5 - 3 Portugal
72%
Coupe du Monde 1982 1/2 4 - 5 Allemagne de l'Ouest
63%
Ligue des Nations 2025 1/4 5 - 4 Croatie
62%
Coupe du Monde 1998 1/4 4 - 3 Italie
56%
Coupe du Monde 1986 1/4 4 - 3 Brésil
49%
Championnat d'Europe 1996 1/4 5 - 4 Pays-Bas
30%
Championnat d'Europe 1996 1/2 5 - 6 République Tchèque
21%
Aucun quiz correspondant
Distribution des résultats
% des personnes avec chaque résultat
Percentile par nombre de réponses
Votre historique - résultats
Vous n’avez pas pris ce quiz depuis la dernière actualisation